| 000 | 01452nam a2200325 a 4500 | ||
|---|---|---|---|
| 001 | BRCA_2868 | ||
| 005 | 20190320204016.0 | ||
| 008 | 111208s1838----gw-a---###---#000-0dger-u | ||
| 041 | _ager | ||
| 044 | _agw | ||
| 084 |
_a278 _b.K53 _c1838 |
||
| 100 | 1 |
_aCervantes Saavedra, Miguel de _d1547-1616 _9213 |
|
| 245 | 1 | 0 |
_aDer sinnreiche Junker Don Quixote von la Mancha _cvon Miguel de Cervantes Saavedra. |
| 260 |
_aStuttgart _bKlassiker _c1838 |
||
| 300 |
_a2 v. _bil. _c26 cm. |
||
| 500 | _aContenido : v 1. Primera parte. Noticia sobre la vida y obra del autor. Advertencia del traductor. Prólogo del autor. Texto. -- v 2. Segunda parte. Prólogo del autor. Texto | ||
| 500 | _aEdición : Aus dem spanischen Ibersetzt, mit dem Leben von Miguel de Cervantes nach Viardor | ||
| 500 | _aCopia de la edición Lo-277 de los mismos editores, pero sin el estudio de H. Heine. Semipiel Lúdovik Osterc | ||
| 500 | _aEstado físico : En ambos volúmenes el lomo está ligeramente desprendido | ||
| 500 | _aQM513A | ||
| 546 | _aTexto en : alemán | ||
| 650 | 1 | 4 |
_aNovela española _yÉpoca clásica, 1500-1700 _9215 |
| 650 | 1 | 4 |
_aLiteratura española _yÉpoca clásica, 1500-1700 _9216 |
| 650 | 1 | 4 |
_aNovela española _ySiglo XVII _9217 |
| 650 | 1 | 4 |
_aDon Quijote (Personaje ficticio) _eNovela _9218 |
| 700 | 1 |
_aViardot, Louis _d1800-1883 _eBiógrafo _98011 |
|
| 740 | 0 | _aEl Ingenioso Hidalgo Don Quijote de la Mancha | |
| 902 | _aQFM | ||
| 942 |
_2lcc _cB |
||
| 999 |
_c2607 _d2607 |
||